Desarrollo de normativa de construcción para aplicar la técnica constructiva :perforación horizontal direccional en Costa Rica
שמור ב:
| מחבר ראשי: | |
|---|---|
| מחברים אחרים: | |
| פורמט: | ספר |
| שפה: | Spanish |
| יצא לאור: |
[San José], Costa Rica
2015
|
| נושאים: | |
| תגים: |
הוספת תג
אין תגיות, היה/י הראשונ/ה לתייג את הרשומה!
|
MARC
| LEADER | 00000nam a22000007a 4500 | ||
|---|---|---|---|
| 003 | 012292 | ||
| 005 | 20230907100822.0 | ||
| 008 | 151118b2015 cr ||||| |||| 00| ||spa d | ||
| 040 | |c cru CEDI | ||
| 090 | |a TFG 7456 | ||
| 100 | |9 1417 |a Rodríguez Arce, David, 1990- | ||
| 245 | |a Desarrollo de normativa de construcción para aplicar la técnica constructiva :perforación horizontal direccional en Costa Rica | ||
| 260 | |a [San José], Costa Rica |c 2015 | ||
| 300 | |a xxviii, 114 hojas, 101 hojas sin numerar : ilustraciones (principalmente a color), 2 mapas. | ||
| 500 | |a Proyecto de graduación (licenciatura en ingeniería civil)--Universidad de Costa Rica. Facultad de Ingeniería. Escuela de Ingeniería Civil | ||
| 501 | |a Director de Proyecto de Graduación: Ing. Marcos Rodríguez Mora, M.Sc. | ||
| 650 | |x POLIETILENO |x PERFORACION HORIZONTAL DIRECCIONAL |x ZANJAS |x PERFORACION HORIZONTAL DIRECCIONAL - NORMAS |x PERFORACION - EQUIPO |x PERFORACION HORIZONTAL DIRECCIONAL - COSTA RICA |x INSTALACIONES DE TUBERIAS |9 2319 | ||
| 700 | |9 984 |a Rodríguez Mora, Marcos Eddy, 1964- |d Director del TFG | ||
| 942 | |c CEDI | ||
| 999 | |c 15736 |d 15736 | ||
